BRICS law journal. Vol. 10, iss. 2 (Запись № 12489251)
[ простой вид ]
| 000 -МАРКЕР | |
|---|---|
| контрольное поле | 00779nam2a2200205 4500 |
| 001 - ИДЕНТИФИКАТОР ЗАПИСИ | |
| контрольное поле | RU\NLR\PER_A\010883886_000280 |
| 005 - ИДЕНТИФИКАТОР ВЕРСИИ | |
| контрольное поле | 20250625084902.0 |
| 035 ## - ДРУГИЕ СИСТЕМНЫЕ НОМЕРА | |
| Идентификатор записи | (NLR Aleph) 022013038 |
| 100 ## - ДАННЫЕ ОБЩЕЙ ОБРАБОТКИ | |
| Данные общей обработки | 20230828d2023 |||y0rusy50 ca |
| 101 0# - ЯЗЫК РЕСУРСА | |
| Язык текста, звукозаписи и т.д. | английский |
| 102 ## - СТРАНА ПУБЛИКАЦИИ ИЛИ ПРОИЗВОДСТВА | |
| Страна публикации | российская федерация |
| 200 0# - ЗАГЛАВИЕ И СВЕДЕНИЯ ОБ ОТВЕТСТВЕННОСТИ | |
| Основное заглавие | Vol. 10, iss. 2 |
| 210 ## - ПУБЛИКАЦИЯ, РАСПРОСТРАНЕНИЕ И ДР. | |
| Дата издания, распространения и т.д. | 2023 |
| Место издания, распространения и т.д. | Б. м. |
| 461 #0 - УРОВЕНЬ НАБОРА | |
| Встроенное поле | 001RU\NLR\Perin\1090868 |
| -- | 2001#$aBRICS law journal$ean independent, professional peer-reviewed academic legal journal$vVol. 10, iss. 2 |
| Системный номер (АБИС) связанной записи | 10516361 |
| Автор | BRICS, association |
| Место публикации | Moscow |
| Дата публикации | 2015- |
| Имя издателя, распространителя и т.д. | LLC V. Em Publishing House |
| Сведения, относящиеся к заглавию | an independent, professional peer-reviewed academic legal journal |
| Заглавие | BRICS law journal |
| ISSN | 2409-9058 |
| Номер тома | Vol. 10, iss. 2 |
| 852 ## - МЕСТОНАХОЖДЕНИЕ И ШИФР ХРАНЕНИЯ | |
| Идентификатор организации | NLR |
| Шифр хранения (Call Number) | P22/7271 |
| 942 ## - ДОПОЛНИТЕЛЬНЫЕ ЭЛЕМЕНТЫ ЗАПИСИ (АБИС) | |
| Тип экземпляра АБИС | Выпуск |
| 980 ## - КОЛЛЕКЦИЯ | |
| Название коллекции | Национальная библиография |
| 980 ## - КОЛЛЕКЦИЯ | |
| Название коллекции | Иностранная периодика |
Нет доступных экземпляров.